[Event "FRA-chT1 1011"]
[Site "France"]
[Date "2010.11.13"]
[Round "2.6"]
[White "Redon, Philippe"]
[Black "Laboucarie, Gabriel"]
[Result "1-0"]
[WhiteElo "2016"]
[BlackElo "1840"]
[PlyCount "83"]
[EventDate "2010.10.17"]
[EventType "team-tourn"]
[EventRounds "11"]
[EventCountry "FRA"]
[SourceTitle "EXT 2012"]
[Source "ChessBase"]
[SourceDate "2011.11.24"]
[SourceVersion "1"]
[SourceVersionDate "2011.11.24"]
[SourceQuality "1"]

1. e4 e6 2. d3 c5 3. Nd2 Nc6 4. Ngf3 d5 5. g3 Nf6 6. Bg2 Be7 7. 0-0 0-0 8. e5 Nd7 9. Re1 Qc7 10. Qe2 b5 11. Nf1 a5 12. h4 Ba6 13. Bf4 Rac8 14. Ne3 b4 15. Nxd5 exd5 16. e6 Bd6 17. Bxd6 Qxd6 18. exd7 Qxd7 19. Ne5 Nxe5 20. Qxe5 Rfd8 21. Kh2 Rc7 22. Bxd5 Kf8 23. Bg2 Re8 24. Qxe8+ Qxe8 25. Rxe8+ Kxe8 26. Re1+ Kd7 27. Bd5 Kd6 28. Be4 h6 29. Kg1 Re7 30. Rd1 f6 31. f4 Bc8 32. Kf2 Bg4 33. Re1 f5 34. Bg2 Rxe1 35. Kxe1 Bh5 36. Bh3 Bg4 37. Bxg4 fxg4 38. Kd2 Kd5 39. c3 h5 40. Ke3 g6 41. c4+ Kd6 42. b3 1-0